Detalles MARC
| 000 -LIDER |
| fixed length control field |
01634nam a2200349 a 4500 |
| 001 - NÚMERO DE CONTROL |
| Identificador de número de control |
000000458 |
| 003 - IDENTIFICACDOR DE NÚMERO DE CONTROL |
| control field |
DO-SdBNP |
| 005 - DATE AND TIME OF LATEST TRANSACTION |
| control field |
20180510122837.0 |
| 007 - CAMPOS FIJOS DE DESCRIPCIÓN FÍSICA |
| fixed length control field |
000000458 |
| 008 - ELEMENTOS DE LONGITUD FIJA |
| fixed length control field |
090122s2003 dr ad 000 0 spa d |
| 020 ## - ISBN |
| International Standard Book Number |
9993461725 |
| 020 ## - ISBN |
| International Standard Book Number |
9789993461722 |
| 040 ## - FUENTE DE CATALOGACIÓN |
| Agencia que crea de manera original el registro |
BPMSU |
| Idioma de catalogación |
spa |
| Agencia que realiza la transcripción |
BPMSU |
| 082 #4 - NÚMERO DE CLASIFICACIÓN DECIMAL DE DEWEY |
| Classification number |
304.6 |
| Item number |
B928p |
| 100 1# - ASIENTO PRINCIPAL -- NOMBRE PERSONAL |
| Nombre personal |
Bueno Sánchez, Eramis |
| 245 10 - MENCIÓN DE TITULO |
| Título |
Población y desarrollo : |
| Subtítulo |
temas vigentes en la era de la globalización / |
| Mención de responsabilidad |
Eramis Bueno Sánchez. |
| 260 ## - PUBLICACIÓN, DISTRIBUCIÓN, ETC. (PIE DE IMPRENTA) |
| Lugar de publicación, distribución, etc |
Santo Domingo : |
| Nombre del editor, distribuidor, etc. |
INTEC, |
| Fecha de publicación, distribución, etc |
2003. |
| 300 ## - DESCRIPCIÓN FÍSICA |
| Extensión |
200 p. : |
| Otros detalles físicos |
il., graf. ; |
| Dimensiones |
22 cm. |
| 505 0# - NOTA DE CONTENIDO |
| Título |
Introducción -- |
| -- |
Población y desarrollo en la historia demográfica del mundo -- |
| -- |
La población: base de la actividad económica -- |
| -- |
El problema global de población. América Latina y su transición demográfica -- |
| -- |
La doble relación entre población y desarrollo -- |
| -- |
Una nueva hermenéutica de las relaciones entre población y desarrollo: el desarrollo humano sustentable -- |
| -- |
Población y pobreza en la era de la globalización -- |
| -- |
Pobreza y empleo -- |
| -- |
El tema de la vulnerabilidad -- |
| -- |
Conclusiones -- |
| -- |
Bibliografía. |
| 650 #4 - ENCABEZAMIENTO DE MATERIA--TEMÁTICO |
| Término temático o nombre geográfico como elemento de entrada |
POBLACIÓN |
| Subdivisión temática general |
ASPECTOS ECONÓMICOS |
| 650 #4 - ENCABEZAMIENTO DE MATERIA--TEMÁTICO |
| Término temático o nombre geográfico como elemento de entrada |
DESARROLLO SOCIAL |
| 650 #4 - ENCABEZAMIENTO DE MATERIA--TEMÁTICO |
| Término temático o nombre geográfico como elemento de entrada |
GLOBALIZACIÓN |
| 650 #4 - ENCABEZAMIENTO DE MATERIA--TEMÁTICO |
| Término temático o nombre geográfico como elemento de entrada |
POBREZA |
| 651 #4 - ENCABEZAMIENTO DE MATERIA--NOMBRE GEOGRÁFICO |
| Nombre geográfico |
AMÉRICA LATINA |
| Subdivisión temática general |
POLÍTICA DE POBLACIÓN |
| 710 2# - ASIENTO SECUNDARIO -- NOMBRE CORPORATIVO |
| Nombre corporativo o de jurisdicción |
Instituto Tecnológico de Santo Domingo |
| 930 #1 - EQUIVALENCE OR CROSS-REFERENCE-UNIFORM TITLE HEADING [LOCAL, CANADA] |
| Language of a work |
BND01 |
| Medium of performance for music |
LF1 |
| Field link and sequence number |
20130628 |
| Date of a work |
04 |
| Name of part/section of a work |
HD |
| Miscellaneous information |
36777 |
| 942 ## - ADDED ENTRY ELEMENTS (KOHA) |
| Source of classification or shelving scheme |
Dewey Decimal Classification |
| Koha item type |
Libros |
| 945 ## - INFORMACIÓN DE PROCESAMIENTO LOCAL |
| Información de procesamiento local |
Inventariado, 2017/MFF |
| 956 ## - LOCAL ELECTRONIC LOCATION AND ACCESS (OCLC) |
| Nombre de host |
VMATEO |
| Número de acceso |
10 |
| Información de compresión |
20150807 |
| Inicio de sesión |
BPMSU |
| Procesador de solicitud |
00151 |
| 956 ## - LOCAL ELECTRONIC LOCATION AND ACCESS (OCLC) |
| Nombre de host |
VMATEO |
| Número de acceso |
10 |
| Información de compresión |
20150807 |
| Inicio de sesión |
BPMSU |
| Procesador de solicitud |
00151 |
| 956 ## - LOCAL ELECTRONIC LOCATION AND ACCESS (OCLC) |
| Nombre de host |
Validado. Control de calidad MFF |